[Event "Ð§ÐµÐ¼Ð¿Ð¸Ð¾Ð½Ð°Ñ‚ ÐŸÐ¤Ðž Ð¿Ð¾ ÑˆÐ°Ñ…Ð¼Ð"]
[Site "Ð�Ð°Ð±ÐµÑ€ÐµÐ¶Ð½Ñ‹Ðµ Ð§ÐµÐ»Ð½Ñ"]
[Date "2024.03.23"]
[Round "4.1"]
[White "Ð¢Ð°Ð±ÐµÑ€Ð¼Ð°ÐºÐ¾Ð²Ð°, Ð›ÐµÐ¹Ð»Ð°."]
[Black "Ð¨Ð°Ñ„Ð¸Ð³ÑƒÐ»Ð»Ð¸Ð½Ð°, Ð—Ð°Ñ€Ð¸Ð½Ð°."]
[Result "1/2-1/2"]
[WhiteElo "2017"]
[BlackElo "2094"]
[PlyCount "84"]
[EventDate "2024.03.20"]

1. e4 c6 2. Nc3 d5 3. Nf3 d4 4. Ne2 c5 5. c3 dxc3 6. bxc3 Nf6 7. Ng3 Nc6 8. d4
e6 9. Be2 cxd4 10. cxd4 Bb4+ 11. Bd2 Qa5 12. Rb1 Bxd2+ 13. Qxd2 Qxd2+ 14. Kxd2
O-O 15. h3 Rd8 16. Ke3 b6 17. Rhd1 Bb7 18. Rbc1 Rac8 19. Ne5 Nb4 20. Bc4 Nd7
21. Nxd7 Rxd7 22. a3 Rdc7 23. axb4 Rxc4 24. Rxc4 Rxc4 25. b5 Bc8 26. Ra1 Rc7
27. d5 Bd7 28. d6 Rb7 29. e5 f6 30. f4 Bxb5 31. Rc1 Rd7 32. Ne2 Bxe2 33. Kxe2
Kf7 34. Rc7 Ke8 35. Rc8+ Rd8 36. Rxd8+ Kxd8 37. Kd3 Kd7 38. Kc4 a6 39. Kb4 h5
40. h4 fxe5 41. fxe5 Kc6 42. Ka4 Kd7 1/2-1/2

[Event "Ð§ÐµÐ¼Ð¿Ð¸Ð¾Ð½Ð°Ñ‚ ÐŸÐ¤Ðž Ð¿Ð¾ ÑˆÐ°Ñ…Ð¼Ð"]
[Site "Ð�Ð°Ð±ÐµÑ€ÐµÐ¶Ð½Ñ‹Ðµ Ð§ÐµÐ»Ð½Ñ"]
[Date "2024.03.23"]
[Round "4.2"]
[White "Ð”Ð¾Ð»Ð¸Ð½Ñ�ÐºÐ°Ñ�, ÐœÐ°Ñ€Ð¸Ñ�."]
[Black "Ð�Ð°Ð³Ð°ÐµÐ²Ð°, Ð�Ð»Ð¸Ñ�."]
[Result "1/2-1/2"]
[WhiteElo "1870"]
[BlackElo "1946"]
[PlyCount "103"]
[EventDate "2024.03.20"]

1. d4 Nf6 2. c4 e6 3. Nf3 d5 4. Nc3 Bb4 5. Qa4+ Nc6 6. e3 O-O 7. Qc2 Re8 8. a3
Bxc3+ 9. bxc3 e5 10. cxd5 Qxd5 11. c4 Qe4 12. Qxe4 Nxe4 13. d5 Na5 14. Bb2 f6
15. Be2 b6 16. O-O Ba6 17. Rac1 Rac8 18. Rfd1 c6 19. Bf1 Red8 20. Nh4 cxd5 21.
Nf5 Kf7 22. f3 Nd6 23. Nxd6+ Rxd6 24. cxd5 Rxc1 25. Bxc1 Bxf1 26. Kxf1 Nc4 27.
Rd3 b5 28. e4 Ke8 29. Rb3 Rb6 30. Ke2 Kd7 31. Be3 Rb7 32. Bc5 a6 33. g3 Rc7 34.
Bf8 Ke8 35. Bb4 a5 36. Be1 Rb7 37. Rc3 Kd7 38. f4 Nd6 39. Kd3 b4 40. Rb3 bxa3
41. Rxa3 Rb1 42. Bd2 exf4 43. gxf4 Rb2 44. Bc3 Rxh2 45. Rxa5 Rh3+ 46. Kd4 g5
47. fxg5 fxg5 48. Bb4 Nxe4 49. Ra7+ Kc8 50. Kxe4 Rh4+ 51. Kf5 Rxb4 52. Rxh7
1/2-1/2

[Event "Ð§ÐµÐ¼Ð¿Ð¸Ð¾Ð½Ð°Ñ‚ ÐŸÐ¤Ðž Ð¿Ð¾ ÑˆÐ°Ñ…Ð¼Ð"]
[Site "Ð�Ð°Ð±ÐµÑ€ÐµÐ¶Ð½Ñ‹Ðµ Ð§ÐµÐ»Ð½Ñ"]
[Date "2024.03.23"]
[Round "4.3"]
[White "ÐšÐ»ÐµÐ¹Ð¼ÐµÐ½Ð¾Ð²Ð°, Ð’Ð°Ð»ÐµÑ€Ð¸Ñ�."]
[Black "Ð�Ð¾Ñ�Ð°Ñ‡ÐµÐ²Ð°, ÐœÐ°Ñ€Ð¸Ñ�."]
[Result "1-0"]
[WhiteElo "2165"]
[BlackElo "2103"]
[PlyCount "109"]
[EventDate "2024.03.20"]

1. d4 Nf6 2. c4 g6 3. g3 Bg7 4. Bg2 O-O 5. Nc3 d6 6. Nf3 c6 7. e4 Bg4 8. h3
Bxf3 9. Bxf3 e5 10. d5 cxd5 11. cxd5 a5 12. Be3 Na6 13. O-O Nc5 14. Bg2 Rc8 15.
a3 h5 16. b4 axb4 17. axb4 Na6 18. Qb3 h4 19. Na4 Nd7 20. Rac1 Rxc1 21. Rxc1
hxg3 22. fxg3 f5 23. b5 Nab8 24. Rf1 Qa5 25. Nb2 Nb6 26. Nd3 N8d7 27. Kh2 Qa4
28. Qxa4 Nxa4 29. Rc1 f4 30. Bf2 fxg3+ 31. Kxg3 Bh6 32. Rc7 Bf4+ 33. Kf3 Ndc5
34. Nxc5 dxc5 35. h4 Bh2+ 36. Ke2 Nc3+ 37. Ke1 b6 38. Rc6 Ra8 39. Rxb6 Ra1+ 40.
Kd2 Na4 41. Ra6 c4 42. b6 Bf4+ 43. Ke2 Nc3+ 44. Kf3 Rb1 45. Bh3 Nd1 46. Be6+
Kg7 47. Ra7+ Kh6 48. Bc5 Rb3+ 49. Kg2 Rb2+ 50. Kf3 Rb3+ 51. Ke2 Nc3+ 52. Kf1
Kh5 53. Rh7+ Bh6 54. Be3 g5 55. hxg5 1-0

[Event "Ð§ÐµÐ¼Ð¿Ð¸Ð¾Ð½Ð°Ñ‚ ÐŸÐ¤Ðž Ð¿Ð¾ ÑˆÐ°Ñ…Ð¼Ð"]
[Site "Ð�Ð°Ð±ÐµÑ€ÐµÐ¶Ð½Ñ‹Ðµ Ð§ÐµÐ»Ð½Ñ"]
[Date "2024.03.23"]
[Round "4.4"]
[White "Ð˜Ð»ÑŽÑˆÐ¸Ð½Ð°, ÐžÐ»ÑŒÐ³Ð°."]
[Black "Ð�Ð»Ð¸ÑˆÐµÐ²Ð°, Ð�Ð¹Ð³ÑƒÐ»ÑŒ."]
[Result "1-0"]
[WhiteElo "1984"]
[BlackElo "1636"]
[PlyCount "61"]
[EventDate "2024.03.20"]

1. e4 c5 2. Nf3 Nc6 3. d4 cxd4 4. Nxd4 Nf6 5. Nc3 e6 6. Nxc6 bxc6 7. e5 Nd5 8.
Ne4 Qc7 9. f4 Be7 10. c4 Nb6 11. Nd6+ Bxd6 12. exd6 Qd8 13. a4 a5 14. Qd4 O-O
15. Ra3 Ba6 16. Rh3 f5 17. Rg3 Rf7 18. b3 Rb8 19. Bb2 Qf8 20. Be2 e5 21. fxe5
c5 22. Qc3 f4 23. Rh3 Bb7 24. O-O Be4 25. Bd3 Bf5 26. Bxf5 Rxf5 27. Rhf3 Qf7
28. Bc1 g5 29. g4 fxg3 30. Rxf5 gxh2+ 31. Kh1 1-0

[Event "Ð§ÐµÐ¼Ð¿Ð¸Ð¾Ð½Ð°Ñ‚ ÐŸÐ¤Ðž Ð¿Ð¾ ÑˆÐ°Ñ…Ð¼Ð"]
[Site "Ð�Ð°Ð±ÐµÑ€ÐµÐ¶Ð½Ñ‹Ðµ Ð§ÐµÐ»Ð½Ñ"]
[Date "2024.03.23"]
[Round "4.5"]
[White "Ð˜Ð²Ð°Ð½Ð¾Ð²Ð°, Ð�Ñ€Ð¸Ð½Ð°."]
[Black "Ð¨ÐµÐ½ÐºÐµÑ€, Ð�Ð½Ð³ÐµÐ»Ð¸Ð½Ð°."]
[Result "1/2-1/2"]
[WhiteElo "1765"]
[BlackElo "1830"]
[PlyCount "80"]
[EventDate "2024.03.20"]

1. e4 e6 2. d4 d5 3. Nc3 dxe4 4. Nxe4 Nd7 5. c3 Ngf6 6. Nxf6+ Nxf6 7. Bd3 c5 8.
Nf3 cxd4 9. Nxd4 Bc5 10. Nb3 Bd6 11. Bg5 Bd7 12. Nd2 Bc6 13. Be4 Qc7 14. Bxf6
gxf6 15. Qf3 Bxe4 16. Nxe4 O-O-O 17. O-O-O Bf4+ 18. Kb1 f5 19. Ng3 Bd6 20. Rd3
Bxg3 21. hxg3 Rxd3 22. Qxd3 Rd8 23. Qe2 Qd7 24. Rxh7 Qd1+ 25. Qxd1 Rxd1+ 26.
Kc2 Rf1 27. f4 Rf2+ 28. Kb3 Rxg2 29. Rg7 a6 30. a4 b6 31. Rxf7 Rxg3 32. Re7 Re3
33. Kc4 Re4+ 34. Kd3 Rxf4 35. Rxe6 Kb7 36. b3 Rf1 37. Rf6 Rb1 38. Kc4 Rf1 39.
Kd5 Rc1 40. Kc4 Rf1 1/2-1/2

[Event "Ð§ÐµÐ¼Ð¿Ð¸Ð¾Ð½Ð°Ñ‚ ÐŸÐ¤Ðž Ð¿Ð¾ ÑˆÐ°Ñ…Ð¼Ð"]
[Site "Ð�Ð°Ð±ÐµÑ€ÐµÐ¶Ð½Ñ‹Ðµ Ð§ÐµÐ»Ð½Ñ"]
[Date "2024.03.23"]
[Round "4.6"]
[White "Ð¢Ñ€Ð¸ÑˆÐºÐ¸Ð½Ð°, Ð•Ð²Ð³ÐµÐ½Ð¸Ñ�."]
[Black "Ð¤ÐµÑ„ÐµÐ»Ð¾Ð²Ð°, Ð•ÐºÐ°Ñ‚ÐµÑ€Ð¸Ð½Ð°."]
[Result "0-1"]
[WhiteElo "1555"]
[BlackElo "1751"]
[PlyCount "110"]
[EventDate "2024.03.20"]

1. d4 Nf6 2. Bg5 Ne4 3. Bf4 d5 4. e3 c5 5. Bd3 Nd6 6. dxc5 Qa5+ 7. Nc3 Nc4 8.
Bxc4 dxc4 9. Qd5 Nc6 10. Qxc4 e5 11. Bg3 Bxc5 12. Qb5 Qxb5 13. Nxb5 O-O 14. Nf3
f6 15. O-O-O Bf5 16. Rd5 Be7 17. a3 Rac8 18. Nd2 Be6 19. Rd3 f5 20. f3 a6 21.
Nc3 b5 22. Nd5 Bc5 23. Nb3 Ba7 24. e4 a5 25. Kb1 fxe4 26. fxe4 Bf2 27. Rhd1 a4
28. Nc1 Bxg3 29. Rxg3 Bxd5 30. exd5 Nd4 31. c3 Nf5 32. Rf3 e4 33. Rff1 Nd6 34.
Ne2 e3 35. Kc2 Nc4 36. Rf4 Rxf4 37. Nxf4 Rf8 38. Nd3 Re8 39. Re1 Rd8 40. Nb4
Rf8 41. Nd3 Rf5 42. b3 axb3+ 43. Kxb3 Rxd5 44. Nb4 Rd2 45. Nc2 Rxg2 46. h4 h6
47. a4 Nd2+ 48. Kb4 bxa4 49. Nxe3 Rh2 50. Nf5 g6 51. Re8+ Kf7 52. Nd6+ Kg7 53.
Re7+ Kf6 54. Rf7+ Ke6 55. Kc5 Ne4+ 0-1

[Event "Ð§ÐµÐ¼Ð¿Ð¸Ð¾Ð½Ð°Ñ‚ ÐŸÐ¤Ðž Ð¿Ð¾ ÑˆÐ°Ñ…Ð¼Ð"]
[Site "Ð�Ð°Ð±ÐµÑ€ÐµÐ¶Ð½Ñ‹Ðµ Ð§ÐµÐ»Ð½Ñ"]
[Date "2024.03.23"]
[Round "4.7"]
[White "Ð“Ð¸Ð»Ñ�Ð·Ð¾Ð²Ð°, Ð�Ð»ÑŒÑ„Ð¸Ñ�."]
[Black "Ð¢Ð°Ð·ÐµÑ‚Ð´Ð¸Ð½Ð¾Ð²Ð°, Ð�Ð´ÐµÐ»Ñ�."]
[Result "1-0"]
[WhiteElo "1561"]
[BlackElo "1763"]
[PlyCount "69"]
[EventDate "2024.03.20"]

1. e4 c5 2. Nf3 e6 3. d4 cxd4 4. Nxd4 a6 5. Bd3 Ne7 6. O-O Nbc6 7. Nf3 g6 8.
Bg5 Bg7 9. c3 h6 10. Bf4 d5 11. Nbd2 O-O 12. h4 e5 13. Bg3 Kh8 14. Re1 Bg4 15.
Qb3 Na5 16. Qc2 dxe4 17. Bxe4 f5 18. Nxe5 Bxe5 19. Bxe5+ Kh7 20. Bf3 Nac6 21.
Bxg4 fxg4 22. h5 Qd5 23. hxg6+ Nxg6 24. c4 Qc5 25. Nb3 Qxf2+ 26. Qxf2 Rxf2 27.
Kxf2 Ncxe5 28. Rad1 Rf8+ 29. Kg1 Rf7 30. Rd4 h5 31. Nc5 Kh6 32. b3 h4 33. Rd6
Kh5 34. Rd5 Rf5 35. Nd3 1-0

[Event "Ð§ÐµÐ¼Ð¿Ð¸Ð¾Ð½Ð°Ñ‚ ÐŸÐ¤Ðž Ð¿Ð¾ ÑˆÐ°Ñ…Ð¼Ð"]
[Site "Ð�Ð°Ð±ÐµÑ€ÐµÐ¶Ð½Ñ‹Ðµ Ð§ÐµÐ»Ð½Ñ"]
[Date "2024.03.23"]
[Round "4.8"]
[White "Ð§ÐµÐºÐ¼Ð°Ñ€ÐµÐ²Ð°, Ð›Ð¸Ñ�."]
[Black "Ð¡Ð°Ð´Ñ€Ñ‚Ð´Ð¸Ð½Ð¾Ð²Ð°, Ð¡Ð¾Ñ„Ð¸Ñ�."]
[Result "1-0"]
[WhiteElo "1903"]
[BlackElo "1534"]
[PlyCount "75"]
[EventDate "2024.03.20"]

1. e4 d6 2. d4 Nf6 3. Nc3 c6 4. Nf3 Bg4 5. Be2 e6 6. Be3 Be7 7. Nd2 Bxe2 8.
Qxe2 d5 9. O-O O-O 10. Rad1 Qb6 11. e5 Nfd7 12. Nb3 a5 13. a4 Na6 14. f4 c5 15.
Nb5 Rac8 16. Rf3 c4 17. Nd2 Nb4 18. Nf1 Qd8 19. f5 exf5 20. Rxf5 f6 21. e6 Nb6
22. Ng3 g6 23. Rf2 Rc6 24. Bh6 Re8 25. Na7 Rc7 26. Bf4 Bd6 27. Bxd6 Qxd6 28.
Nb5 Qe7 29. Nxc7 Qxc7 30. Rxf6 Nxa4 31. Rdf1 Qd6 32. Qg4 Kh8 33. Qh4 Rxe6 34.
Rf8+ Qxf8 35. Rxf8+ Kg7 36. Qf4 Re1+ 37. Kf2 Ra1 38. Nh5+ 1-0

[Event "Ð§ÐµÐ¼Ð¿Ð¸Ð¾Ð½Ð°Ñ‚ ÐŸÐ¤Ðž Ð¿Ð¾ ÑˆÐ°Ñ…Ð¼Ð"]
[Site "Ð�Ð°Ð±ÐµÑ€ÐµÐ¶Ð½Ñ‹Ðµ Ð§ÐµÐ»Ð½Ñ"]
[Date "2024.03.23"]
[Round "4.9"]
[White "ÐšÐ¸Ñ€ÑŒÑ�Ð½Ð¾Ð²Ð°, Ð¡Ð½ÐµÐ¶Ð°Ð½Ð°."]
[Black "ÐšÑƒÐ·Ð½ÐµÑ†Ð¾Ð²Ð°, ÐŸÐ¾Ð»Ð¸Ð½Ð°."]
[Result "0-1"]
[WhiteElo "1515"]
[BlackElo "1924"]
[PlyCount "88"]
[EventDate "2024.03.20"]

1. d4 d5 2. c4 e6 3. Nc3 Nf6 4. cxd5 exd5 5. Bg5 c6 6. e3 Be7 7. Bd3 Nbd7 8.
Nge2 h6 9. Bh4 Nh5 10. Bxe7 Qxe7 11. Qc2 Nb6 12. O-O O-O 13. Rab1 a5 14. a3 a4
15. b4 axb3 16. Qxb3 Nd7 17. a4 Qg5 18. Kh1 Ndf6 19. Ng1 Ng4 20. Nf3 Qe7 21. h3
Ngf6 22. Ne5 Ne8 23. Qd1 Nhf6 24. f4 Nd6 25. g4 Nd7 26. g5 Nxe5 27. fxe5 Bxh3
28. exd6 Qxg5 29. Rf2 Rae8 30. e4 dxe4 31. Nxe4 Qh4 32. Rh2 Rxe4 33. Bxe4 Qxe4+
34. Kg1 Qe3+ 35. Kh1 Bf5 36. Rbb2 Be4+ 37. Rhg2 Rd8 38. Kh2 Bxg2 39. Rxg2 Qf4+
40. Kh1 Rxd6 41. Qb1 Qxd4 42. Kh2 Qxa4 43. Qe1 Qf4+ 44. Kh1 Re6 0-1

[Event "Ð§ÐµÐ¼Ð¿Ð¸Ð¾Ð½Ð°Ñ‚ ÐŸÐ¤Ðž Ð¿Ð¾ ÑˆÐ°Ñ…Ð¼Ð"]
[Site "Ð�Ð°Ð±ÐµÑ€ÐµÐ¶Ð½Ñ‹Ðµ Ð§ÐµÐ»Ð½Ñ"]
[Date "2024.03.23"]
[Round "4.10"]
[White "ÐŸÐ¾Ð¼Ð¾Ñ€Ñ†ÐµÐ²Ð°, ÐžÐ»ÑŒÐ³Ð°."]
[Black "Ð¯Ð³ÑƒÑ‚Ñ�Ð½, ÐœÐ°Ñ€Ð³Ð°Ñ€Ð¸Ñ‚Ð°."]
[Result "0-1"]
[WhiteElo "1694"]
[BlackElo "1676"]
[PlyCount "102"]
[EventDate "2024.03.20"]

1. c4 e5 2. Nc3 Nc6 3. Nf3 Bc5 4. e3 d6 5. d4 exd4 6. exd4 Bb6 7. Be2 Bg4 8.
Be3 Nf6 9. a3 Qe7 10. O-O h6 11. b4 a6 12. c5 dxc5 13. dxc5 Ba7 14. Qc2 O-O 15.
Rfe1 Rfe8 16. h3 Bh5 17. Bf4 g5 18. Bg3 Qd7 19. Rad1 Qc8 20. Bc4 Kg7 21. Rxe8
Qxe8 22. Bxc7 Bxf3 23. gxf3 Qc8 24. Bg3 Qxh3 25. Ne4 Nxe4 26. Qxe4 Bb8 27. Bf1
Qh5 28. Rd7 Bxg3 29. fxg3 g4 30. f4 a5 31. Rd5 Re8 32. Qc4 Qg6 33. b5 Ne7 34.
Rd6 Qb1 35. Qd4+ Kf8 36. Rxh6 Qb3 37. Rh8+ Ng8 38. Qd6+ Kg7 39. Qd4+ f6 40. Rh2
Qxa3 41. Qd7+ Re7 42. Qxg4+ Kf8 43. Rf2 Qxc5 44. Qf3 Qe3 45. Qg4 Qc5 46. Kg2
Nh6 47. Qh4 Kg7 48. g4 Qd5+ 49. Kh2 Qd4 50. g5 Qxf2+ 51. Qxf2 Ng4+ 0-1

[Event "Ð§ÐµÐ¼Ð¿Ð¸Ð¾Ð½Ð°Ñ‚ ÐŸÐ¤Ðž Ð¿Ð¾ ÑˆÐ°Ñ…Ð¼Ð"]
[Site "Ð�Ð°Ð±ÐµÑ€ÐµÐ¶Ð½Ñ‹Ðµ Ð§ÐµÐ»Ð½Ñ"]
[Date "2024.03.23"]
[Round "4.11"]
[White "ÐšÑƒÐ·ÑŒÐ¼Ð¸Ð½Ð°, Ð’Ð°Ñ€Ð²Ð°Ñ€Ð°."]
[Black "Ð¢ÐµÑ�Ñ‚Ð¾Ð²Ð°, Ð�Ð¸ÐºÐ°."]
[Result "1/2-1/2"]
[WhiteElo "1693"]
[BlackElo "1810"]
[PlyCount "135"]
[EventDate "2024.03.20"]

1. Nf3 Nf6 2. g3 e6 3. Bg2 d5 4. d4 Be7 5. O-O O-O 6. b3 b5 7. Bb2 Nbd7 8. Ne5
Nxe5 9. dxe5 Nd7 10. e4 c6 11. exd5 cxd5 12. Qe2 Qb6 13. Rd1 Ba6 14. Qg4 f6 15.
Bd4 Nxe5 16. Bxb6 Nxg4 17. Bd4 Nh6 18. a4 b4 19. c4 bxc3 20. Nxc3 Rac8 21. Re1
Kf7 22. Bh3 f5 23. Nb5 Rc2 24. Nxa7 Rb8 25. Rab1 Rb7 26. Bf1 Bxf1 27. Kxf1 e5
28. Rxe5 Bf6 29. Nb5 Bxe5 30. Bxe5 Kg6 31. h3 Nf7 32. Bd4 Ng5 33. Kg2 Ne4 34.
Rd1 Nd2 35. b4 Nc4 36. Bc5 Ra2 37. Nc3 Ra3 38. Nxd5 Rxa4 39. Ne7+ Kf6 40. Rd4
Ne5 41. Rd6+ Kf7 42. Nxf5 g6 43. Ne3 Nd7 44. Nd5 Ra2 45. Nc3 Rc2 46. Ne4 Nxc5
47. bxc5 Rc4 48. Ng5+ Ke8 49. Re6+ Re7 50. Rxe7+ Kxe7 51. Nxh7 Rxc5 52. f4 Ke6
53. Kf3 Kf5 54. g4+ Ke6 55. Ng5+ Ke7 56. Ne4 Ra5 57. g5 Ke6 58. Kg4 Ra1 59. h4
Rg1+ 60. Ng3 Rg2 61. Kf3 Rh2 62. h5 gxh5 63. f5+ Kf7 64. Kf4 Rh4+ 65. Ke5 Rg4
66. Nxh5 Rxg5 67. Nf4 Rxf5+ 68. Kxf5 1/2-1/2

[Event "Ð§ÐµÐ¼Ð¿Ð¸Ð¾Ð½Ð°Ñ‚ ÐŸÐ¤Ðž Ð¿Ð¾ ÑˆÐ°Ñ…Ð¼Ð"]
[Site "Ð�Ð°Ð±ÐµÑ€ÐµÐ¶Ð½Ñ‹Ðµ Ð§ÐµÐ»Ð½Ñ"]
[Date "2024.03.23"]
[Round "4.12"]
[White "Ð�Ð¼Ð¸Ð½Ð¾Ð²Ð°, Ð—Ð°Ñ€Ð¸Ð½Ð°."]
[Black "Ð Ñ‹Ð¶Ð¾Ð²Ð°, ÐœÐ°Ñ€Ð¸Ñ�."]
[Result "0-1"]
[WhiteElo "1649"]
[BlackElo "1803"]
[PlyCount "66"]
[EventDate "2024.03.20"]

1. d4 Nf6 2. c4 e6 3. Nf3 b6 4. g3 Ba6 5. Qc2 c5 6. e4 cxd4 7. Nxd4 Bc5 8. Nb3
Nc6 9. Bg2 O-O 10. O-O d5 11. exd5 exd5 12. Nxc5 bxc5 13. b3 Rc8 14. Na3 Nb4
15. Qc3 Ne4 16. Bxe4 dxe4 17. Bb2 f6 18. Nc2 Nd3 19. Ba3 Qd7 20. Rad1 Qh3 21.
Ne1 Ne5 22. f3 exf3 23. Nxf3 Bb7 24. Ne1 Ng4 25. Rd2 Rfe8 26. Nc2 Re5 27. Rfd1
Rce8 28. Qd3 Be4 29. Qc3 Bxc2 30. Rxc2 Ne3 31. Re1 Nxc2 32. Rxe5 Rxe5 33. Qxc2
Re1+ 0-1

[Event "Ð§ÐµÐ¼Ð¿Ð¸Ð¾Ð½Ð°Ñ‚ ÐŸÐ¤Ðž Ð¿Ð¾ ÑˆÐ°Ñ…Ð¼Ð"]
[Site "Ð�Ð°Ð±ÐµÑ€ÐµÐ¶Ð½Ñ‹Ðµ Ð§ÐµÐ»Ð½Ñ"]
[Date "2024.03.23"]
[Round "4.13"]
[White "Ð¢ÐºÐ°Ñ‡ÐµÐ½ÐºÐ¾, ÐšÐ°Ñ€Ð¾Ð»Ð¸Ð½Ð°."]
[Black "Ð˜Ð´Ñ€Ð¸Ñ�Ð¾Ð²Ð°, Ð Ð¾Ð·Ð°."]
[Result "0-1"]
[WhiteElo "1473"]
[BlackElo "1855"]
[PlyCount "112"]
[EventDate "2024.03.20"]

1. e4 c6 2. d3 d5 3. Nd2 g6 4. g3 Bg7 5. Bg2 Nh6 6. Ne2 O-O 7. O-O e5 8. h3 f5
9. f4 fxe4 10. dxe4 Be6 11. exd5 Bxd5 12. Ne4 Nd7 13. N2c3 Bc4 14. Re1 exf4 15.
gxf4 Nf5 16. Nd6 Nxd6 17. Qxd6 Nb6 18. Ne4 Bd5 19. Qxd8 Raxd8 20. c3 Rfe8 21.
Kf1 Re7 22. Rd1 Bc4+ 23. Ke1 Rde8 24. Kf2 Rxe4 25. Bxe4 Rxe4 26. Re1 Rxe1 27.
Kxe1 Be6 28. h4 Bf6 29. h5 gxh5 30. Kf2 Nc4 31. Rb1 Bf5 32. Ra1 b6 33. a4 a5
34. Ra2 Bb1 35. Ra1 Bc2 36. Ke2 Kf7 37. Bd2 Bf5 38. b3 Nxd2 39. Kxd2 h4 40. Rh1
h3 41. b4 Ke6 42. Rh2 Kd5 43. bxa5 bxa5 44. Rh1 Kc4 45. Rc1 Be4 46. Ke3 Bd5 47.
Rc2 Bh4 48. f5 Bg2 49. Kf4 h2 50. Rc1 h1=Q 51. Rxh1 Bxh1 52. Ke5 Bd5 53. f6 h5
54. Kf5 Be1 55. Kg6 h4 56. f7 Bxf7+ 0-1

[Event "Ð§ÐµÐ¼Ð¿Ð¸Ð¾Ð½Ð°Ñ‚ ÐŸÐ¤Ðž Ð¿Ð¾ ÑˆÐ°Ñ…Ð¼Ð"]
[Site "Ð�Ð°Ð±ÐµÑ€ÐµÐ¶Ð½Ñ‹Ðµ Ð§ÐµÐ»Ð½Ñ"]
[Date "2024.03.23"]
[Round "4.14"]
[White "ÐšÐ°Ð»ÑƒÐ³Ð¸Ð½Ð°, ÐœÐ°Ñ€Ð¸Ñ�."]
[Black "ÐœÐ°Ð»ÑŒÑ†ÐµÐ²Ð°, Ð�Ð»ÐµÐºÑ�Ð°Ð½Ð´Ñ€Ð°."]
[Result "1-0"]
[WhiteElo "1705"]
[BlackElo "1607"]
[PlyCount "119"]
[EventDate "2024.03.20"]

1. e4 d5 2. exd5 Qxd5 3. Nc3 Qa5 4. Bc4 Nf6 5. d3 Bg4 6. Nge2 e6 7. f3 Bf5 8.
g4 Bg6 9. Nf4 Bd6 10. h4 Bxf4 11. Bxf4 h5 12. Qe2 c6 13. O-O-O Nd5 14. Bd2 Qc7
15. Nxd5 cxd5 16. Bxd5 O-O 17. Be4 Bxe4 18. Qxe4 hxg4 19. Qxg4 Nc6 20. Rdg1 f5
21. Qc4 Rae8 22. Bc3 Rf7 23. h5 Kh7 24. Rg6 e5 25. Qh4 Ne7 26. Re6 Rc8 27. Rxe5
Qd6 28. Rhe1 Nd5 29. Qd4 Qh6+ 30. Bd2 Qc6 31. Qc4 Qxc4 32. dxc4 Nb6 33. b3 Rcc7
34. Re6 Nc8 35. h6 g6 36. Bc3 Ne7 37. Bf6 Ng8 38. Bg5 Rc5 39. f4 a6 40. Re8
Rcc7 41. Rb8 Ne7 42. Re6 Rd7 43. Re8 Ng8 44. Re2 Rc7 45. Kb2 Rcd7 46. R8e6 Rd4
47. Re8 Rdd7 48. Kc3 Rc7 49. Kb4 Rfd7 50. Rf8 Rf7 51. Rxf7+ Rxf7 52. Kc5 Rd7
53. Kb6 Rf7 54. c5 Rd7 55. c6 bxc6 56. Kxc6 Rf7 57. Kb6 a5 58. a4 Rd7 59. Kxa5
Rc7 60. Kb6 1-0

[Event "Ð§ÐµÐ¼Ð¿Ð¸Ð¾Ð½Ð°Ñ‚ ÐŸÐ¤Ðž Ð¿Ð¾ ÑˆÐ°Ñ…Ð¼Ð"]
[Site "Ð�Ð°Ð±ÐµÑ€ÐµÐ¶Ð½Ñ‹Ðµ Ð§ÐµÐ»Ð½Ñ"]
[Date "2024.03.23"]
[Round "4.15"]
[White "Ð�Ñ€Ð¸Ñ�Ñ‚Ð¾Ð²Ð°, Ð®Ð»Ð¸Ñ�."]
[Black "Ð˜Ð²Ð°Ð½Ð°ÐµÐ²Ð°, Ð�Ð»Ð¸Ð½Ð°."]
[Result "1/2-1/2"]
[WhiteElo "1676"]
[BlackElo "1824"]
[PlyCount "97"]
[EventDate "2024.03.20"]

1. d4 d5 2. c4 e6 3. Nc3 c6 4. Nf3 Nd7 5. e3 f5 6. Be2 Bd6 7. c5 Bc7 8. b4 e5
9. dxe5 Nxe5 10. Bb2 Qe7 11. Nd4 Nf6 12. Qc2 O-O 13. a4 Ne4 14. g3 Bd7 15. f3
Nf6 16. O-O Ng6 17. Qd2 Rae8 18. Kf2 Rf7 19. b5 Nf8 20. Bd3 Ne4+ 21. Nxe4 fxe4
22. Bc2 exf3 23. Qc3 g5 24. Nxf3 Be5 25. Qb3 Bxb2 26. Qxb2 Qxe3+ 27. Kg2 Bg4
28. Bd1 Ng6 29. Qf2 Qxf2+ 30. Rxf2 Ref8 31. Raa2 Bxf3+ 32. Bxf3 Ne5 33. Bd1
Rxf2+ 34. Rxf2 Rxf2+ 35. Kxf2 Nd3+ 36. Ke3 Nxc5 37. Kd4 Nd7 38. bxc6 bxc6 39.
Bg4 Nb6 40. a5 Nc4 41. a6 Kf7 42. Kc5 Ne5 43. Bh3 Ke7 44. Bc8 Kd8 45. Bf5 Kc7
46. Bxh7 Kd7 47. Kd4 Kd6 48. h4 c5+ 49. Kc3 1/2-1/2

[Event "Ð§ÐµÐ¼Ð¿Ð¸Ð¾Ð½Ð°Ñ‚ ÐŸÐ¤Ðž Ð¿Ð¾ ÑˆÐ°Ñ…Ð¼Ð"]
[Site "Ð�Ð°Ð±ÐµÑ€ÐµÐ¶Ð½Ñ‹Ðµ Ð§ÐµÐ»Ð½Ñ"]
[Date "2024.03.23"]
[Round "4.16"]
[White "Ð®Ñ�ÑƒÐ¿Ð¾Ð²Ð°, Ð�Ð´ÐµÐ»ÑŒ."]
[Black "ÐžÑ�Ð¼Ð°Ð½Ð¾Ð²Ð°, Ð�Ð»Ð¸Ð½Ð°."]
[Result "1-0"]
[WhiteElo "1746"]
[BlackElo "1612"]
[PlyCount "67"]
[EventDate "2024.03.20"]

1. d4 d5 2. c4 e6 3. Nf3 c6 4. Qc2 Nf6 5. g3 g6 6. Bg2 Bg7 7. O-O O-O 8. Nbd2
Nbd7 9. b3 b6 10. e4 dxe4 11. Nxe4 Nxe4 12. Qxe4 Bb7 13. Rd1 Qe7 14. Bg5 Bf6
15. Bh6 Bg7 16. Bxg7 Kxg7 17. Rac1 f6 18. d5 cxd5 19. cxd5 Nc5 20. Qe3 Rfe8 21.
b4 Na6 22. dxe6 Rad8 23. a3 Kg8 24. Bh3 Bxf3 25. Qxf3 f5 26. Bf1 Nc7 27. Rxd8
Qxd8 28. Rd1 Qc8 29. Rd7 Nxe6 30. Rxa7 Kh8 31. Qd5 Kg8 32. Bc4 Kf8 33. Qd6+ Kg8
34. Qd4 1-0

[Event "Ð§ÐµÐ¼Ð¿Ð¸Ð¾Ð½Ð°Ñ‚ ÐŸÐ¤Ðž Ð¿Ð¾ ÑˆÐ°Ñ…Ð¼Ð"]
[Site "Ð�Ð°Ð±ÐµÑ€ÐµÐ¶Ð½Ñ‹Ðµ Ð§ÐµÐ»Ð½Ñ"]
[Date "2024.03.23"]
[Round "4.17"]
[White "ÐšÑƒÐ»ÑŒÐºÐ¾Ð²Ð°, Ð”Ð¸Ð½Ð°."]
[Black "ÐœÐ¸Ñ„Ñ‚Ð°Ñ…Ð¾Ð²Ð°, Ð�Ð·Ð°Ð»Ð¸Ñ�."]
[Result "0-1"]
[WhiteElo "1806"]
[BlackElo "1758"]
[PlyCount "98"]
[EventDate "2024.03.20"]

1. c4 e5 2. g3 Nf6 3. Bg2 d5 4. cxd5 Nxd5 5. Nc3 Nb6 6. Nf3 Nc6 7. O-O Be7 8.
d3 O-O 9. a3 Be6 10. b4 a5 11. b5 Nd4 12. Nxd4 exd4 13. Ne4 a4 14. Bb2 Ra5 15.
Nd2 Rxb5 16. Qc2 Bd5 17. e4 dxe3 18. fxe3 Bxg2 19. Kxg2 Rxb2 20. Qxb2 Qxd3 21.
e4 Bc5 22. Qa2 Be3 23. Rad1 Bxd2 24. Rxd2 Qxe4+ 25. Rf3 Nc4 26. Re2 Qc6 27. Qa1
Qd5 28. Qc3 b5 29. Qd3 Qc6 30. Kg1 h6 31. h4 Qc5+ 32. Kg2 Qc6 33. Kh2 Qc5 34.
Kg2 Nd6 35. Qc3 Qb6 36. Rc2 Nc4 37. Re2 c5 38. Rd3 Qc6+ 39. Kh2 Nd6 40. Qe5 Re8
41. Qb2 Nc4 42. Rxe8+ Qxe8 43. Qf2 Qe7 44. Qc2 Qf6 45. Qg2 Ne5 46. Rd5 Ng4+ 47.
Kh1 Ne3 48. Qd2 Qf1+ 49. Kh2 Ng4# 0-1